000 00786nam a22002292 4500
001 0000009199
005 20151217154410.0
008 080912s xx 000 0 eng d
020 _a1840643811 :
_cKES 6300
040 _aKABU
_cKABU
245 1 0 _aPrinciples of environmental and resource economics :
_ba guide for students and decision-makers /
_cedited by Henk, H. Landis Gabel.
250 _a2nd ed.
260 _aCheltenham, UK :
_bEdward Elgar,
_c2000.
300 _axxxii, 784 p.
650 0 _aEnvironmental economics.
_@0000150102
650 0 _aNatural resources
_xManagement.
_@0000151040
700 1 _aFolmer, Henk.
_@0000160289
700 1 _aGabel, H. Landis.
_@0000160290
908 _a080912
950 _@1
999 _c11007
_d11007